New Zealand History - Statistics

General Stats
  • This quiz has been taken 97 times
  • The average score is 13 of 22
Answer Stats
Hint Answer % Correct
Second, and more famed explorer to discover New Zealand Captain James Cook
97%
First human beings to settle in New Zealand Maori
96%
First European to discover New Zealand Abel Tasman
89%
Nationality of the above Netherlands
89%
City devastated by earthquakes in 2011 and 2012 Christchurch
87%
Treaty famously signed in the year 1840 Treaty of Waitangi
75%
Who supposedly pulled the North Island out of the sea with his legendary fishing hook Maui
68%
Country of the above Turkey
65%
In which year did Anzac famously happen? 1915
62%
Location of the above Gallipoli
61%
Which two regions was gold discoverd in in the year 1861 Otago/West Coast
61%
Where did the above supposedly come from? Polynesia
58%
Region devastated by earthquakes in 1931 Hawke's Bay
53%
At this time, which was New Zealand's largest town Dunedin
49%
Starting year of the New Zealand wars 1845
47%
Year the above discovered New Zealand 1769
46%
Year in which the Auckland Sky Tower was built 1994
46%
Ending year of the New Zealand wars 1872
41%
What was the first internationally fought war that New Zealand participated in? Boer War
39%
What was New Zealand the first to do in 1893? Give Women the right to vote
20%
Northland town famous for logging Dargaville
15%
New Zealand's first governor William Hobson
15%
No matching quizzes found
Score Distribution
Percent of People with Each Score
Percentile by Number Answered
Your Score History
You have not taken this quiz